Catalog

Record Details

Catalog Search



Praha plán města  Cover Image Map Map

Praha [kartografický dokument] : plán města / [zpracovala firma Žaket - kartografické vydavatelství]

Record details

  • ISBN: 978-80-7233-365-3
  • Physical Description: 1 atlas (106 s.) : ca 88 barev. map ; 23 cm
  • Edition: 15., přeprac. vyd.
  • Publisher: Praha : Žaket, [2011]

Content descriptions

General Note:
Název z obálky
Obsahuje rejstřík
Schema MHD
Subject: Praha (Česko)
Genre: plány měst
atlasy

Available copies

  • 1 of 1 copy available at Common Catalog SPOK.

Holds

  • 0 current holds with 1 total copy.
Show Only Available Copies
Location Call Number / Copy Notes Barcode Shelving Location Status Due Date
KDS Library 91 Žak 204576802837 Library Available -

LDR 01394nem a2200409 a 4500
00122237
003CZ-PrJAB
00520150721063122.0
007ad canzn
008110831s2011 xr z e 1 cze
015 . ‡acnb002222989
020 . ‡a978-80-7233-365-3 ‡q(kroužková vazba)
0341 . ‡aa ‡b20000
035 . ‡a(CZ PrNK)nkc20112222989
040 . ‡aBOA001 ‡bcze ‡dOLA001
043 . ‡ae-xr--- ‡be-xr-pg ‡2czenas
072 7. ‡a913(437) ‡xGeografie Česka a Slovenska, reálie, cestování ‡2Konspekt ‡97
072 7. ‡a912 ‡xMapy. Atlasy. Glóby ‡2Konspekt ‡97
080 . ‡a913(437.311) ‡2MRF
080 . ‡a(084.3)911.375 ‡2MRF
080 . ‡a(084.4) ‡2MRF
1102 . ‡aŽaket (vydavatelství) ‡7ko2003167884
24510. ‡aPraha ‡h[kartografický dokument] : ‡bplán města / ‡c[zpracovala firma Žaket - kartografické vydavatelství]
2461 . ‡iNázev v tiráži: ‡aPraha - plán města, 1:20 000
250 . ‡a15., přeprac. vyd.
255 . ‡aMěřítko 1:20 000
260 . ‡aPraha : ‡bŽaket, ‡c[2011]
300 . ‡a1 atlas (106 s.) : ‡bca 88 barev. map ; ‡c23 cm
500 . ‡aNázev z obálky
500 . ‡aObsahuje rejstřík
500 . ‡aSchema MHD
651 7. ‡aPraha (Česko) ‡7ge118011 ‡2czenas
655 7. ‡aplány měst ‡7fd133027 ‡2czenas
655 7. ‡aatlasy ‡7fd131835 ‡2czenas
910 . ‡aABE463
9281 . ‡aŽaket
998 . ‡a002222989
901 . ‡a22237 ‡b ‡c22237 ‡tbiblio

Additional Resources